Tafhim-ul-Bukhari: Sharah Sahis-ul-Bukhari (Record no. 7225)
[ view plain ]
| 000 -LEADER | |
|---|---|
| fixed length control field | 00426 a2200133 4500 |
| 082 ## - DEWEY DECIMAL CLASSIFICATION NUMBER | |
| Classification number | 297.1241 |
| 090 ## - LOCALLY ASSIGNED LC-TYPE CALL NUMBER (OCLC); LOCAL CALL NUMBER (RLIN) | |
| -- | 3312 |
| -- | 3312 |
| 100 ## - MAIN ENTRY--PERSONAL NAME | |
| Personal name | Rizvi, Allama Ghulam Rasool. |
| 245 ## - TITLE STATEMENT | |
| Title | Tafhim-ul-Bukhari: Sharah Sahis-ul-Bukhari |
| Statement of responsibility, etc. | Allama Ghulam Rasool Rizvi. |
| Medium | [Urdu] |
| 260 ## - PUBLICATION, DISTRIBUTION, ETC. | |
| Place of publication, distribution, etc. | Faisalabad : |
| Name of publisher, distributor, etc. | Jamia Sirajia Rasoolia Rizvia. |
| 300 ## - PHYSICAL DESCRIPTION | |
| Extent | v. 3 ; various paging. ; |
| Dimensions | 25 cm. |
| 650 ## - SUBJECT ADDED ENTRY--TOPICAL TERM | |
| Topical term or geographic name entry element | Hadith (Collection). |
| 942 ## - ADDED ENTRY ELEMENTS (KOHA) | |
| Koha item type | Book |
| Call number prefix | 297.1241 BUK |
| Withdrawn status | Lost status | Source of classification or shelving scheme | Damaged status | Not for loan | Permanent Location | Current Location | Shelving location | Date acquired | Total Checkouts | Full call number | Barcode | Date last seen | Date last checked out | Price effective from | Koha item type |
|---|---|---|---|---|---|---|---|---|---|---|---|---|---|---|---|
| Central Library (CL) | Central Library (CL) | First Floor - Islam | 05/19/2014 | 1 | 297.1241 BUK | SEECS000205 | 08/15/2025 | 07/23/2025 | 01/05/2017 | Book |
